|
|
|
|
| LEADER |
00858cam a2200229 7i4500 |
| 001 |
0000014395 |
| 005 |
20240105090000.0 |
| 008 |
070404 bm |
| 020 |
|
|
|a 9789833585694
|
| 020 |
|
|
|a 9833585698 ( pbk.)
|
| 090 |
0 |
0 |
|a KPG1624
|b .M64 2003
|
| 100 |
0 |
|
|a Mohd. Ismail Othman
|
| 245 |
1 |
0 |
|a Undang-undang untuk pengetua & guru besar
|c Mohd Ismail Othman.
|
| 250 |
|
|
|a 2nd ed.
|
| 260 |
|
|
|a Kuala Lumpur:
|b PTS Professional Publsihing Sdn. Bhd.,
|c 2003.
|
| 300 |
|
|
|a xiv, 223 p.;
|c 23 cm.
|
| 504 |
|
|
|a Includes bibliographical references and index
|
| 650 |
0 |
0 |
|a School discipline --
|z Malaysia
|
| 650 |
0 |
0 |
|a School management and organization --
|z Malaysia
|
| 650 |
0 |
0 |
|a Educational law and legislation --
|z Malaysia
|
| 997 |
|
|
|a Education & Social Sciences, Faculty
|
| 999 |
|
|
|a MAL0000038
|b BOK
|c MALAYSIANA
|e Ground Floor, Bestari Jaya
|